Tvorba cenových limitov záverečná práca postgraduálneho štúdia

Guardado en:
Detalles Bibliográficos
Autor principal: Majerčák, Ivan
Autor Corporativo: Vysoká škola ekonomická v Bratislave
Otros Autores: Rajňák, Milan
Formato: Libro
Lenguaje:eslovaco
Publicado: Bratislava 1987
Etiquetas: Agregar Etiqueta
Sin Etiquetas, Sea el primero en etiquetar este registro!

MARC

LEADER 00000nam a2200000 4500
001 c023389
005 20260108080409.4
041 0 |a slo 
044 |a SK 
245 1 0 |a Tvorba cenových limitov  |b záverečná práca postgraduálneho štúdia  |c Ivan Majerčák ; Ved. práce Milan Rajňák 
264 1 |a Bratislava  |c 1987 
300 |a 53 s. 
100 1 |a Majerčák, Ivan 
700 1 |a Rajňák, Milan 
710 2 |a Vysoká škola ekonomická v Bratislave